Treffpunkt Kino: Daten und Materialien zum Verhältnis von Jugend und Kino
| VerfasserInnen: | ; ; |
|---|---|
| Medienart: | Druck Buch |
| Sprache: | Deutsch |
| Veröffentlicht: |
Weinheim [u.a.]
Juventa-Verlag
1994
|
| In: | Jahr: 1994 |
| Online-Zugang: |
Inhaltsverzeichnis Inhaltsverzeichnis Verlag |
| Verfügbarkeit prüfen: | HBZ Gateway |
| Subito Bestelldienst: | Jetzt bestellen. |
| Schlagwörter: |
MARC
| LEADER | 00000cam a2200000 c 4500 | ||
|---|---|---|---|
| 001 | 278327079 | ||
| 003 | DE-627 | ||
| 005 | 20260206193541.0 | ||
| 007 | tu | ||
| 008 | 940722s1994 gw ||||| 00| ||ger c | ||
| 015 | |a 94,N45,0068 |2 dnb | ||
| 015 | |a 95,A06,1493 |2 dnb | ||
| 016 | 7 | |a 94245507X |2 DE-101 | |
| 020 | |a 3779904306 |9 3-7799-0430-6 | ||
| 035 | |a (DE-627)278327079 | ||
| 035 | |a (DE-603)031935672 | ||
| 035 | |a (DE-576)040197018 | ||
| 035 | |a (DE-599)GBV278327079 | ||
| 035 | |a (OCoLC)243798671 | ||
| 035 | |a (OCoLC)243798671 | ||
| 035 | |a (OCoLC)37998832 | ||
| 035 | |a (DE-604)8098847228 | ||
| 040 | |a DE-627 |b ger |c DE-627 |e rakwb | ||
| 041 | |a ger | ||
| 044 | |c XA-DE | ||
| 084 | |a TH 560 |2 sfb | ||
| 084 | |a PÄ 845,2 |2 sfb | ||
| 084 | |a ALLG 1415 |2 sfb | ||
| 084 | |a 49 |2 sdnb | ||
| 084 | |a 14 |a 49 |2 sdnb | ||
| 084 | |a AP 57600 |2 rvk |0 (DE-625)rvk/7773: | ||
| 084 | |a MS 2350 |2 rvk |0 (DE-625)rvk/123636: | ||
| 084 | |a DU 3000 |2 rvk |0 (DE-625)rvk/20045:761 | ||
| 084 | |a AP 47200 |2 rvk |0 (DE-625)rvk/7540: | ||
| 084 | |a 71.35 |2 bkl | ||
| 084 | |a 24.37 |2 bkl | ||
| 084 | |a 24.31 |2 bkl | ||
| 084 | |a 80.49 |2 bkl | ||
| 100 | 1 | |a Baacke, Dieter |d 1934-1999 |0 (DE-588)121140385 |0 (DE-627)081112661 |0 (DE-576)160132428 |4 aut | |
| 109 | |a Baacke, Dieter 1934-1999 |a Bake, D. 1934-1999 |a Baacke, D. 1934-1999 |a Baacke-Schulze, ... 1934-1999 |a Bake, Diter 1934-1999 | ||
| 245 | 1 | 0 | |a Treffpunkt Kino |b Daten und Materialien zum Verhältnis von Jugend und Kino |c Dieter Baacke; Horst Schäfer; Ralf Vollbrecht |
| 264 | 1 | |a Weinheim [u.a.] |b Juventa-Verlag |c 1994 | |
| 300 | |a 200 S. |b graph. Darst. |c graph. Darst. | ||
| 336 | |a Text |b txt |2 rdacontent | ||
| 337 | |a ohne Hilfsmittel zu benutzen |b n |2 rdamedia | ||
| 338 | |a Band |b nc |2 rdacarrier | ||
| 490 | 0 | |a Jugendforschung | |
| 505 | 8 | |a Literaturverz. S. 186 - 192 | |
| 505 | 8 | |a Literaturverz. S. 186 - 192 | |
| 505 | 8 | |a Literaturverz. S. 186 - 192 | |
| 583 | 1 | |a Archivierung/Langzeitarchivierung gewährleistet |f PEBW |x XA-DE-BW |2 pdager |5 DE-31 | |
| 650 | 4 | |a Jugendliche | |
| 650 | 4 | |a Jugendsoziologie | |
| 650 | 4 | |a Freizeit | |
| 650 | 4 | |a Film | |
| 650 | 4 | |a Empirische Forschung | |
| 689 | 0 | 0 | |d s |0 (DE-588)4028859-6 |0 (DE-627)104419199 |0 (DE-576)208979859 |a Jugend |2 gnd |
| 689 | 0 | 1 | |d s |0 (DE-588)4017114-0 |0 (DE-627)106330918 |0 (DE-576)208918566 |a Filmerziehung |2 gnd |
| 689 | 0 | |5 DE-101 | |
| 689 | 1 | 0 | |d s |0 (DE-588)4129654-0 |0 (DE-627)105708313 |0 (DE-576)209612320 |a Kino |2 gnd |
| 689 | 1 | 1 | |d s |0 (DE-588)4144953-8 |0 (DE-627)105594458 |0 (DE-576)209737859 |a Besuch |2 gnd |
| 689 | 1 | 2 | |d s |0 (DE-588)4028859-6 |0 (DE-627)104419199 |0 (DE-576)208979859 |a Jugend |2 gnd |
| 689 | 1 | |5 DE-101 | |
| 700 | 1 | |8 1\p |a Schäfer, Horst |d 1942- |0 (DE-588)120569833 |0 (DE-627)080753027 |0 (DE-576)292281005 |4 aut | |
| 700 | 1 | |a Vollbrecht, Ralf |d 1956- |0 (DE-588)122826973 |0 (DE-627)082178097 |0 (DE-576)163438307 |4 aut | |
| 856 | 4 | 2 | |u http://www.gbv.de/dms/hbz/toc/ht006439011.pdf |m V:DE-605 |q pdf/application |v 2008-11-15 |x Verlag |y Inhaltsverzeichnis |3 Inhaltsverzeichnis |7 1 |
| 856 | 4 | 2 | |u http://scans.hebis.de/HEBCGI/show.pl?03193567_toc.pdf |m V:DE-605 |q application/pdf |3 Inhaltsverzeichnis |7 1 |
| 856 | 4 | 2 | |u http://d-nb.info/94245507x/04 |x Verlag |7 1 |
| 883 | |8 1\p |a cgwrk |d 20241001 |q DE-101 |u https://d-nb.info/provenance/plan#cgwrk | ||
| 889 | |w (DE-627)171559029 | ||
| 935 | |a mkri | ||
| 935 | |i mdedup | ||
| 935 | |i Blocktest | ||
| 936 | r | v | |a AP 57600 |b Allgemeines |k Allgemeines |k Medien- und Kommunikationswissenschaften, Medienkulturwissenschaft, Kommunikationsdesign |k Film |k Filmpublikum |k Allgemeines |0 (DE-627)1270691120 |0 (DE-625)rvk/7773: |0 (DE-576)200691120 |
| 936 | r | v | |a MS 2350 |b Jugend, Kultur und Freizeit |k Soziologie |k Spezielle Soziologien |k Jugendsoziologie |k Jugend, Kultur und Freizeit |0 (DE-627)1270710834 |0 (DE-625)rvk/123636: |0 (DE-576)200710834 |
| 936 | r | v | |a DU 3000 |b Allgemeines und Deutschland |k Pädagogik |k Pädagogische Soziologie |k Jugendsoziologie |k Allgemeines und Deutschland |0 (DE-627)1270809784 |0 (DE-625)rvk/20045:761 |0 (DE-576)200809784 |
| 936 | r | v | |a AP 47200 |b Film und Jugend |k Allgemeines |k Medien- und Kommunikationswissenschaften, Medienkulturwissenschaft, Kommunikationsdesign |k Film |k Beziehungen, Ausstrahlungen, Einwirkungen |k Film und Jugend |0 (DE-627)127068969X |0 (DE-625)rvk/7540: |0 (DE-576)20068969X |
| 936 | b | k | |a 71.35 |j Kindersoziologie |j Jugendsoziologie |0 (DE-627)106412698 |
| 936 | b | k | |a 24.37 |j Film: Sonstiges |0 (DE-627)10640590X |
| 936 | b | k | |a 24.31 |j Systematische Filmwissenschaft |0 (DE-627)106406035 |
| 936 | b | k | |a 80.49 |j Medienerziehung |0 (DE-627)181570203 |
| 936 | s | n | |a d100 |2 mzub |
| 936 | s | n | |a m200 |2 mzub |
| 936 | s | n | |a X500 |2 mzub |
| 951 | |a BO | ||
| ELC | |b 1 | ||
| LOK | |0 000 xxxxxcx a22 zn 4500 | ||
| LOK | |0 001 325326372X | ||
| LOK | |0 003 DE-627 | ||
| LOK | |0 004 278327079 | ||
| LOK | |0 005 20100407022244 | ||
| LOK | |0 008 050716||||||||||||||||ger||||||| | ||
| LOK | |0 040 |a DE-21-43 |c DE-627 |d DE-21-43 | ||
| LOK | |0 541 |e 95/188 | ||
| LOK | |0 852 |a DE-21-43 | ||
| LOK | |0 852 1 |c Lc 87 |m p |9 00 | ||
| LOK | |0 935 |a k043 | ||
| LOK | |0 938 |k p | ||
| LOK | |0 939 |a 16-07-05 |b l01 | ||
| LOK | |0 000 xxxxxcx a22 zn 4500 | ||
| LOK | |0 001 3253265196 | ||
| LOK | |0 003 DE-627 | ||
| LOK | |0 004 278327079 | ||
| LOK | |0 005 19941118000000 | ||
| LOK | |0 008 941118||||||||||||||||ger||||||| | ||
| LOK | |0 040 |a DE-Frei85 |c DE-627 |d DE-Frei85 | ||
| LOK | |0 852 |a DE-Frei85 | ||
| LOK | |0 852 1 |c bestellt |m p |9 00 | ||
| LOK | |0 938 |k p | ||
| LOK | |0 939 |a 18-11-94 |b l01 | ||
| ORI | |a SA-MARC-krimdoka001.raw | ||
